10 Biggest Cities in Portugal - Statistics

General Stats
  • This quiz has been taken 33 times
  • The average score is 6 of 10
Answer Stats
Rank Population City % Correct
1 517,802 Lisbon
100%
2 249,633 Porto
100%
4 121,394 Braga
81%
6 106,582 Coimbra
78%
8 100,847 Funchal
69%
5 117,110 Setubal
59%
10 70,811 Vila Nova de Gaia
38%
3 178,858 Amadora
28%
7 103,399 Queluz
13%
9 93,982 Cacem
9%
No matching quizzes found
Score Distribution
Percent of People with Each Score
Percentile by Number Answered
Your Score History
You have not taken this quiz